Normal view MARC view
  • Milan Kundera

Entry Personal Name

Number of records used in: 1

001 - CONTROL NUMBER

  • control field: 9001

003 - CONTROL NUMBER IDENTIFIER

  • control field: JRU

005 - DATE AND TIME OF LATEST TRANSACTION

  • control field: 20260413165857.0

008 - FIXED-LENGTH DATA ELEMENTS

  • fixed length control field: 260413|| aca||aabn | a|a d

040 ## - CATALOGING SOURCE

  • Original cataloging agency: JRU
  • Transcribing agency: JRU

100 ## - HEADING--PERSONAL NAME

  • Personal name: Milan Kundera

670 ## - SOURCE DATA FOUND

  • Source citation: Work cat.: (JRU)4201: Milan Kundera, Farewell Waltz, 2003